Are You Smarter Than a College Student? V Quiz Stats

Quiz Updated Jul 14, 2017

Challenge
Share
Tweet
Embed
Score 0/30 Timer 07:00
17 Plays Today
Question Answer % Correct
EasyApple Inc.
97.8%
EasyMichael Jackson
97.3%
EasyUtah
95.6%
EasyStarbucks
95.2%
EasyGermany
95.1%
EasyKardashian
93.9%
EasyMexico
90.4%
EasyAlaska
90.4%
Easypaper
88.4%
EasyCanada
88.1%
MediumOz
81.9%
MediumEdgar Allan Poe
81.7%
MediumRihanna
79.3%
MediumThe Sound of Music
78.2%
MediumMaine
78.1%
Question Answer % Correct
MediumBenito Mussolini
77.1%
Medium100
77.1%
MediumFranklin Delano Roosevelt
76.6%
MediumGone with the Wind
75%
Mediumacid
72%
HardHomo sapiens
70.3%
Hardsix
61.6%
HardWolf
60.6%
HardCleveland Cavaliers
59.2%
Hardcanoe
51.8%
HardIncan Empire
47.1%
Hardzinc
40.8%
Hardlinguistics
40%
Hard151
34.5%
HardFinland
24.4%

You're not logged in!

Compare scores with friends on all Sporcle quizzes.
Join for Free
OR
Log In

Show Comments

Extras

Top Quizzes Today


Score Distribution

Your Account Isn't Verified!

In order to create a playlist on Sporcle, you need to verify the email address you used during registration. Go to your Sporcle Settings to finish the process.

Report this User

Report this user for behavior that violates our Community Guidelines.

Details: